| 000 | 01174nam a2200349 i 4500 | ||
|---|---|---|---|
| 001 | bg | ||
| 003 | KOSZ 005 | ||
| 005 | 20200630132821.0 | ||
| 008 | 080605s1963 pl a f 000 0 pol | ||
| 015 | _aPB 1963/7857 | ||
| 040 |
_aWA N _cWa N _dKOSZ 005/RW _dKOSZ 005/HR |
||
| 041 | 1 |
_apol _hger |
|
| 046 | _k1963 | ||
| 080 | _a62 | ||
| 080 | _a53 | ||
| 080 | _a517 | ||
| 100 | 1 |
_aOberhettinger, Fritz _d(1911-1993). |
|
| 245 | 1 | 0 |
_aZastosowania funkcji eliptycznych w fizyce i technice / _cFritz Oberhettinger, Wilhelm Magnus. |
| 246 | 1 |
_iTyt. oryg.: _aAnwendung der elliptischen Funktionen in Physik und Technik. |
|
| 260 |
_aWarszawa : _bPaństwowe Wydawnictwo Naukowe, _c1963. |
||
| 300 |
_a174, [2] s. : _bil. ; _c23 cm. |
||
| 380 | _aKsiążki. | ||
| 658 | _aMatematyka | ||
| 658 | _aFizyka i astronomia | ||
| 650 | 4 | _aFunkcje | |
| 650 | 4 | _aTechnika | |
| 650 | 4 | _aFizyka matematyczna | |
| 700 | 1 |
_aMagnus, Wilhelm _d(1907-1990). _eAutor |
|
| 710 | 2 |
_aPaństwowe Wydawnictwo Naukowe _4pbl. |
|
| 856 |
_uhttp://koha.tu.koszalin.pl/cgi-bin/koha/opac-detail.pl?biblionumber=10876 _yKatalog online BPK |
||
| 942 |
_2UKD _cKS |
||
| 999 |
_c10876 _d10876 |
||